Groupes de choses - la France - Statistiques

Statistiques générales
  • Ce quiz a été pris 6 289 fois
  • Le résultat moyen est 41 sur 57
Statistiques - réponses
Groupe Réponse % Correct
Présidents de la Cinquième République Emmanuel Macron
94%
Pays frontaliers (y compris DROM) Belgique
92%
Pays frontaliers (y compris DROM) Espagne
92%
Présidents de la Cinquième République François Hollande
92%
Principaux fleuves Seine
92%
Pays frontaliers (y compris DROM) Italie
91%
Présidents de la Cinquième République Nicolas Sarkozy
91%
Pays frontaliers (y compris DROM) Suisse
91%
Principaux massifs (points culminants > 1000m d'altitude) Alpes
90%
Pays frontaliers (y compris DROM) Allemagne
89%
Principaux fleuves Rhône
89%
Départements et Régions d'Outre-Mer La Réunion
88%
Départements et Régions d'Outre-Mer Martinique
88%
Régions métropolitaines Pays de la Loire
88%
Régions métropolitaines Bretagne
87%
Départements et Régions d'Outre-Mer Guadeloupe
87%
Pays frontaliers (y compris DROM) Luxembourg
87%
Présidents de la Cinquième République Jacques Chirac
86%
Principaux fleuves Loire
86%
Présidents de la Cinquième République Charles de Gaulle
85%
Départements et Régions d'Outre-Mer Guyane
85%
Principaux massifs (points culminants > 1000m d'altitude) Pyrénées
84%
Présidents de la Cinquième République François Mitterrand
83%
Régions métropolitaines Île-de-France
83%
Sites touristiques les plus fréquentés Tour Eiffel
83%
Régions métropolitaines Provence-Alpes-Côte d'Azur
81%
Pays frontaliers (y compris DROM) Andorre
79%
Présidents de la Cinquième République Valéry Giscard d'Estaing
79%
Pays frontaliers (y compris DROM) Brésil
77%
Régions métropolitaines Grand Est
77%
Sites touristiques les plus fréquentés Centre Pompidou
74%
Présidents de la Cinquième République Georges Pompidou
74%
Principaux massifs (points culminants > 1000m d'altitude) Massif Central
74%
Principaux massifs (points culminants > 1000m d'altitude) Jura
73%
Départements et Régions d'Outre-Mer Mayotte
72%
Pays frontaliers (y compris DROM) Monaco
72%
Régions métropolitaines Occitanie
72%
Régions métropolitaines Hauts-de-France
71%
Régions métropolitaines Normandie
71%
Régions métropolitaines Auvergne-Rhône-Alpes
69%
Principaux fleuves Garonne
69%
Régions métropolitaines Nouvelle-Aquitaine
67%
Régions métropolitaines Centre-Val de Loire
64%
Sites touristiques les plus fréquentés Musée du Louvre
64%
Principaux massifs (points culminants > 1000m d'altitude) Vosges
62%
Régions métropolitaines Corse
60%
Principaux massifs (points culminants > 1000m d'altitude) Massif Corse
60%
Régions métropolitaines Bourgogne-Franche-Comté
58%
Pays frontaliers (y compris DROM) Suriname
55%
Collectivité d'Outre-Mer Saint-Pierre-et-Miquelon
43%
Collectivité d'Outre-Mer Polynésie Française
38%
Collectivité d'Outre-Mer Wallis-et-Futuna
32%
Collectivité d'Outre-Mer Saint-Martin
24%
Sites touristiques les plus fréquentés Domaine de Versailles
23%
Collectivité d'Outre-Mer Saint-Barthélemy
22%
Sites touristiques les plus fréquentés Disneyland
21%
Principaux fleuves Meuse
12%
Aucun quiz correspondant
Distribution des résultats
% des personnes avec chaque résultat
Percentile par nombre de réponses
Votre historique - résultats
Vous n’avez pas pris ce quiz